|
|
|
|
| LEADER |
00000nab a2200000 a 4500 |
| 001 |
vtls000012201 |
| 003 |
SK-MaSNL |
| 005 |
20260303021352.0 |
| 008 |
111103c1978 xo 0 slo |
| 015 |
|
|
|a SNBRB19rr/mm-uuuuu
|
| 035 |
|
|
|a CL0022295
|
| 040 |
|
|
|a SNKBUCL
|b slo
|c SNKBUCL
|e AACR2
|
| 041 |
0 |
|
|a slo
|
| 044 |
|
|
|a xo
|c SK
|
| 080 |
|
|
|a 730
|2 1981
|
| 080 |
|
|
|a 92 Kišáková, Anna
|2 1981
|
| 100 |
1 |
|
|a Kostka, Jiří,
|d 1920-1980
|4 aut
|9 222772
|
| 245 |
1 |
0 |
|a Pátos ľudského činu
|b Po prvej samostatnej výstave sochárky Anny Kišákovej
|c J. Kostka
|
| 300 |
|
|
|b Obr. 1.
|
| 650 |
0 |
7 |
|a Kišáková, Anna
|2 snkbucl
|9 1001129
|
| 650 |
0 |
7 |
|a umelecké výstavy
|2 snkbucl
|9 89689
|
| 650 |
0 |
7 |
|a Galéria mladých SÚV SZM, Bratislava
|2 snkbucl
|9 955932
|
| 651 |
|
7 |
|a 5100
|2 snkbucl
|9 166206
|
| 655 |
|
7 |
|a články z novín a časopisov
|2 snkbucl
|9 267496
|
| 773 |
0 |
|
|t Pravda
|g Roč. 59, č. 278 (24. 11. 1978), s. 5
|
| 850 |
|
|
|a Slovenská národná knižnica v Martine
|a MTA001
|
| 852 |
|
|
|a SNK
|b KIS3GCP
|
| 958 |
|
|
|a RK
|
| 992 |
|
|
|a RBX
|
| 999 |
|
|
|c 1622921
|d 1624851
|